<?xml version="1.0" encoding="UTF-8"?>
<record
    xmlns:xsi="http://www.w3.org/2001/XMLSchema-instance"
    xsi:schemaLocation="http://www.loc.gov/MARC21/slim http://www.loc.gov/standards/marcxml/schema/MARC21slim.xsd"
    xmlns="http://www.loc.gov/MARC21/slim">

  <leader>03165nam a22004335a 4500</leader>
  <datafield tag="999" ind1=" " ind2=" ">
    <subfield code="c">27371</subfield>
    <subfield code="d">27342</subfield>
  </datafield>
  <controlfield tag="003">EG-ScBUE</controlfield>
  <controlfield tag="005">20190411121350.0</controlfield>
  <controlfield tag="008">190411s2018    ua     grb    000 0aara d</controlfield>
  <datafield tag="017" ind1=" " ind2=" ">
    <subfield code="a">2008 / 3984</subfield>
  </datafield>
  <datafield tag="020" ind1=" " ind2=" ">
    <subfield code="a">9776217249</subfield>
  </datafield>
  <datafield tag="040" ind1=" " ind2=" ">
    <subfield code="a">EG-ScBUE</subfield>
    <subfield code="b">ara</subfield>
    <subfield code="c">EG-ScBUE</subfield>
    <subfield code="d">EG-ScBUE</subfield>
  </datafield>
  <datafield tag="082" ind1="0" ind2="4">
    <subfield code="a">332.042092</subfield>
    <subfield code="b">&#x628; &#x631; &#x643;</subfield>
    <subfield code="2">22</subfield>
  </datafield>
  <datafield tag="100" ind1="1" ind2=" ">
    <subfield code="a">&#x628;&#x631;&#x643;&#x646;&#x632;&#x60C; &#x62C;&#x648;&#x646;&#x60C;</subfield>
    <subfield code="d">1945-.</subfield>
  </datafield>
  <datafield tag="240" ind1="1" ind2="0">
    <subfield code="a">Confessions of an economic hit man.</subfield>
    <subfield code="l">Arabic</subfield>
  </datafield>
  <datafield tag="245" ind1="1" ind2="2">
    <subfield code="a">&#x627;&#x644;&#x627;&#x63A;&#x62A;&#x64A;&#x627;&#x644; &#x627;&#x644;&#x627;&#x642;&#x62A;&#x635;&#x627;&#x62F;&#x64A; &#x644;&#x644;&#x623;&#x645;&#x645; :</subfield>
    <subfield code="b">&#x627;&#x639;&#x62A;&#x631;&#x627;&#x641;&#x627;&#x62A; &#x642;&#x631;&#x635;&#x627;&#x646; &#x627;&#x642;&#x62A;&#x635;&#x627;&#x62F; /</subfield>
    <subfield code="c">&#x62A;&#x623;&#x644;&#x64A;&#x641; &#x62C;&#x648;&#x646; &#x628;&#x64A;&#x631;&#x643;&#x646;&#x632; &#x61B; &#x62A;&#x631;&#x62C;&#x645;&#x629; &#x648;&#x645;&#x631;&#x627;&#x62C;&#x639;&#x629; &#x645;&#x635;&#x637;&#x641;&#x649; &#x627;&#x644;&#x637;&#x646;&#x627;&#x646;&#x64A;&#x60C; &#x639;&#x627;&#x637;&#x641; &#x645;&#x639;&#x62A;&#x645;&#x62F;&#x60C; &#x625;&#x64A;&#x632;&#x627;&#x628;&#x64A;&#x644; &#x643;&#x645;&#x627;&#x644; &#x61B; &#x62A;&#x642;&#x62F;&#x64A;&#x645; &#x634;&#x631;&#x64A;&#x641; &#x62F;&#x644;&#x627;&#x648;&#x631; &#x61B; &#x62A;&#x62F;&#x642;&#x64A;&#x642; &#x644;&#x63A;&#x648;&#x64A; &#x645;&#x635;&#x637;&#x641;&#x649; &#x639;&#x64A;&#x633;&#x649;.</subfield>
  </datafield>
  <datafield tag="250" ind1=" " ind2=" ">
    <subfield code="a">&#x637;. 5.</subfield>
  </datafield>
  <datafield tag="260" ind1=" " ind2=" ">
    <subfield code="a">&#x627;&#x644;&#x642;&#x627;&#x647;&#x631;&#x629; :</subfield>
    <subfield code="b">&#x62F;&#x627;&#x631; &#x627;&#x644;&#x637;&#x646;&#x627;&#x646;&#x64A; &#x644;&#x644;&#x646;&#x634;&#x631; &#x648;&#x627;&#x644;&#x62A;&#x648;&#x632;&#x64A;&#x639;&#x60C;</subfield>
    <subfield code="c">2018.</subfield>
  </datafield>
  <datafield tag="300" ind1=" " ind2=" ">
    <subfield code="a">373 &#x635;. &#x61B;</subfield>
    <subfield code="c">24 &#x633;&#x645;.</subfield>
  </datafield>
  <datafield tag="504" ind1=" " ind2=" ">
    <subfield code="a">&#x64A;&#x634;&#x62A;&#x645;&#x644; &#x639;&#x644;&#x649; &#x625;&#x631;&#x62C;&#x627;&#x639;&#x627;&#x62A; &#x628;&#x628;&#x644;&#x64A;&#x648;&#x62C;&#x631;&#x627;&#x641;&#x64A;&#x629;.</subfield>
  </datafield>
  <datafield tag="520" ind1=" " ind2=" ">
    <subfield code="a">&#x642;&#x631;&#x627;&#x635;&#x646;&#x629; &#x627;&#x644;&#x627;&#x642;&#x62A;&#x635;&#x627;&#x62F; &#x647;&#x645; &#x62E;&#x628;&#x631;&#x627;&#x621; &#x645;&#x62D;&#x62A;&#x631;&#x641;&#x648;&#x646; &#x645;&#x647;&#x645;&#x62A;&#x647;&#x645; &#x623;&#x646; &#x64A;&#x633;&#x644;&#x628;&#x648;&#x627; &#x645;&#x644;&#x627;&#x64A;&#x64A;&#x646; &#x627;&#x644;&#x62F;&#x648;&#x644;&#x627;&#x631;&#x627;&#x62A; &#x645;&#x646; &#x62F;&#x648;&#x644; &#x643;&#x62B;&#x64A;&#x631;&#x629; &#x641;&#x64A; &#x633;&#x627;&#x626;&#x631; &#x623;&#x646;&#x62D;&#x627;&#x621; &#x627;&#x644;&#x639;&#x627;&#x644;&#x645;. &#x64A;&#x62D;&#x648;&#x644;&#x648;&#x646; &#x627;&#x644;&#x645;&#x627;&#x644; &#x645;&#x646; &#x627;&#x644;&#x645;&#x646;&#x638;&#x645;&#x627;&#x62A; &#x627;&#x644;&#x62F;&#x648;&#x644;&#x64A;&#x629; &#x627;&#x644;&#x62A;&#x64A; &#x62A;&#x642;&#x62F;&#x645; &#x627;&#x644;&#x642;&#x631;&#x648;&#x636; &#x648;&#x627;&#x644;&#x645;&#x633;&#x627;&#x639;&#x62F;&#x627;&#x62A; &#x644;&#x64A;&#x635;&#x628;&#x648;&#x647; &#x641;&#x64A; &#x62E;&#x632;&#x627;&#x626;&#x646; &#x627;&#x644;&#x634;&#x631;&#x643;&#x627;&#x62A; &#x627;&#x644;&#x643;&#x628;&#x631;&#x649; &#x648;&#x62C;&#x64A;&#x648;&#x628; &#x62D;&#x641;&#x646;&#x629; &#x645;&#x646; &#x627;&#x644;&#x639;&#x627;&#x626;&#x644;&#x627;&#x62A; &#x627;&#x644;&#x62B;&#x631;&#x64A;&#x629; &#x627;&#x644;&#x62A;&#x64A; &#x62A;&#x633;&#x64A;&#x637;&#x631; &#x639;&#x644;&#x649; &#x627;&#x644;&#x645;&#x648;&#x627;&#x631;&#x62F; &#x627;&#x644;&#x637;&#x628;&#x64A;&#x639;&#x64A;&#x629; &#x644;&#x644;&#x643;&#x631;&#x629; &#x627;&#x644;&#x623;&#x631;&#x636;&#x64A;&#x629;. &#x648;&#x633;&#x627;&#x626;&#x644;&#x647;&#x645; &#x644;&#x62A;&#x62D;&#x642;&#x64A;&#x642; &#x630;&#x644;&#x643; &#x62A;&#x634;&#x645;&#x644; &#x627;&#x635;&#x637;&#x646;&#x627;&#x639; &#x627;&#x644;&#x62A;&#x642;&#x627;&#x631;&#x64A;&#x631; &#x627;&#x644;&#x645;&#x627;&#x644;&#x64A;&#x629;&#x60C; &#x648;&#x62A;&#x632;&#x648;&#x64A;&#x631; &#x627;&#x644;&#x625;&#x646;&#x62A;&#x62E;&#x627;&#x628;&#x627;&#x62A; &#x648;&#x627;&#x644;&#x631;&#x634;&#x648;&#x629; &#x648;&#x627;&#x644;&#x627;&#x628;&#x62A;&#x632;&#x627;&#x632; &#x648;&#x627;&#x644;&#x62C;&#x646;&#x633; &#x648;&#x627;&#x644;&#x642;&#x62A;&#x644;&#x60C; &#x64A;&#x644;&#x639;&#x628;&#x648;&#x646; &#x644;&#x639;&#x628;&#x629; &#x642;&#x62F;&#x64A;&#x645;&#x629; &#x642;&#x62F;&#x645; &#x627;&#x644;&#x627;&#x645;&#x628;&#x631;&#x627;&#x637;&#x648;&#x631;&#x64A;&#x627;&#x62A; &#x644;&#x643;&#x646;&#x647;&#x627; &#x62A;&#x623;&#x62E;&#x630; &#x623;&#x628;&#x639;&#x627;&#x62F;&#x627; &#x62C;&#x62F;&#x64A;&#x62F;&#x629; &#x648;&#x645;&#x62E;&#x64A;&#x641;&#x629; &#x641;&#x64A; &#x647;&#x630;&#x627; &#x627;&#x644;&#x632;&#x645;&#x646; ... &#x632;&#x645;&#x646; &#x627;&#x644;&#x639;&#x648;&#x644;&#x645;&#x629;.

</subfield>
  </datafield>
  <datafield tag="546" ind1=" " ind2=" ">
    <subfield code="a">&#x627;&#x644;&#x646;&#x635; &#x628;&#x627;&#x644;&#x644;&#x63A;&#x629; &#x627;&#x644;&#x639;&#x631;&#x628;&#x64A;&#x629; &#x61B; &#x645;&#x62A;&#x631;&#x62C;&#x645; &#x645;&#x646; &#x627;&#x644;&#x644;&#x63A;&#x629; &#x627;&#x644;&#x625;&#x646;&#x62C;&#x644;&#x64A;&#x632;&#x64A;&#x629;.</subfield>
  </datafield>
  <datafield tag="600" ind1="1" ind2="7">
    <subfield code="a">&#x628;&#x631;&#x643;&#x646;&#x632;&#x60C; &#x62C;&#x648;&#x646;&#x60C;</subfield>
    <subfield code="d">1945-</subfield>
    <subfield code="x">&#x645;&#x630;&#x643;&#x631;&#x627;&#x62A;.</subfield>
    <subfield code="2">BUEsh</subfield>
  </datafield>
  <datafield tag="610" ind1="2" ind2="7">
    <subfield code="a">&#x627;&#x644;&#x628;&#x646;&#x643; &#x627;&#x644;&#x62F;&#x648;&#x644;&#x64A;.</subfield>
    <subfield code="2">BUEsh</subfield>
  </datafield>
  <datafield tag="650" ind1=" " ind2="7">
    <subfield code="a">&#x627;&#x644;&#x639;&#x644;&#x627;&#x642;&#x627;&#x62A; &#x627;&#x644;&#x627;&#x642;&#x62A;&#x635;&#x627;&#x62F;&#x64A;&#x629; &#x627;&#x644;&#x62F;&#x648;&#x644;&#x64A;&#x629;</subfield>
    <subfield code="x">&#x62A;&#x627;&#x631;&#x64A;&#x62E;</subfield>
    <subfield code="y">&#x627;&#x644;&#x639;&#x635;&#x631; &#x627;&#x644;&#x62D;&#x62F;&#x64A;&#x62B;.</subfield>
    <subfield code="2">BUEsh</subfield>
  </datafield>
  <datafield tag="650" ind1=" " ind2="7">
    <subfield code="a">&#x627;&#x644;&#x646;&#x635;&#x628; &#x648;&#x627;&#x644;&#x627;&#x62D;&#x62A;&#x64A;&#x627;&#x644;.</subfield>
    <subfield code="2">BUEsh</subfield>
  </datafield>
  <datafield tag="650" ind1=" " ind2="7">
    <subfield code="a">&#x627;&#x644;&#x62A;&#x645;&#x648;&#x64A;&#x644; &#x627;&#x644;&#x62F;&#x648;&#x644;&#x64A;</subfield>
    <subfield code="z">&#x627;&#x644;&#x62F;&#x648;&#x644; &#x627;&#x644;&#x646;&#x627;&#x645;&#x64A;&#x629;.</subfield>
    <subfield code="2">BUEsh</subfield>
    <subfield code="9">40917</subfield>
  </datafield>
  <datafield tag="650" ind1=" " ind2="7">
    <subfield code="a">&#x627;&#x644;&#x62A;&#x645;&#x648;&#x64A;&#x644; &#x627;&#x644;&#x62F;&#x648;&#x644;&#x64A;.</subfield>
    <subfield code="2">BUEsh</subfield>
    <subfield code="z">&#x627;&#x644;&#x648;&#x644;&#x627;&#x64A;&#x627;&#x62A; &#x627;&#x644;&#x645;&#x62A;&#x62D;&#x62F;&#x629; &#x627;&#x644;&#x623;&#x645;&#x631;&#x64A;&#x643;&#x64A;&#x629;</subfield>
    <subfield code="9">17521</subfield>
  </datafield>
  <datafield tag="650" ind1=" " ind2="7">
    <subfield code="a">&#x627;&#x644;&#x627;&#x642;&#x62A;&#x635;&#x627;&#x62F;&#x64A;&#x648;&#x646; &#x627;&#x644;&#x623;&#x645;&#x631;&#x64A;&#x643;&#x64A;&#x648;&#x646;.</subfield>
    <subfield code="2">BUEsh</subfield>
  </datafield>
  <datafield tag="650" ind1=" " ind2="7">
    <subfield code="a">&#x627;&#x644;&#x634;&#x631;&#x643;&#x627;&#x62A; &#x627;&#x644;&#x62F;&#x648;&#x644;&#x64A;&#x629;</subfield>
    <subfield code="x">&#x623;&#x62D;&#x648;&#x627;&#x644; &#x627;&#x642;&#x62A;&#x635;&#x627;&#x62F;&#x64A;&#x629;.</subfield>
    <subfield code="2">BUEsh</subfield>
  </datafield>
  <datafield tag="651" ind1=" " ind2="7">
    <subfield code="a">&#x627;&#x644;&#x648;&#x644;&#x627;&#x64A;&#x627;&#x62A; &#x627;&#x644;&#x645;&#x62A;&#x62D;&#x62F;&#x629; &#x627;&#x644;&#x623;&#x645;&#x631;&#x64A;&#x643;&#x64A;&#x629;</subfield>
    <subfield code="x">&#x623;&#x62D;&#x648;&#x627;&#x644; &#x627;&#x642;&#x62A;&#x635;&#x627;&#x62F;&#x64A;&#x629;.</subfield>
    <subfield code="2">BUEsh</subfield>
  </datafield>
  <datafield tag="651" ind1=" " ind2="7">
    <subfield code="a">&#x627;&#x644;&#x648;&#x644;&#x627;&#x64A;&#x627;&#x62A; &#x627;&#x644;&#x645;&#x62A;&#x62D;&#x62F;&#x629; &#x627;&#x644;&#x623;&#x645;&#x631;&#x64A;&#x643;&#x64A;&#x629;</subfield>
    <subfield code="x">&#x639;&#x644;&#x627;&#x642;&#x627;&#x62A; &#x627;&#x642;&#x62A;&#x635;&#x627;&#x62F;&#x64A;&#x629;</subfield>
    <subfield code="z">&#x627;&#x644;&#x62F;&#x648;&#x644; &#x627;&#x644;&#x646;&#x627;&#x645;&#x64A;&#x629;.</subfield>
    <subfield code="2">BUEsh</subfield>
  </datafield>
  <datafield tag="653" ind1=" " ind2=" ">
    <subfield code="b">BUSECO</subfield>
    <subfield code="b">GGEN</subfield>
    <subfield code="c">April2019</subfield>
  </datafield>
  <datafield tag="700" ind1="1" ind2=" ">
    <subfield code="a">&#x637;&#x646;&#x627;&#x646;&#x64A;&#x60C; &#x645;&#x635;&#x637;&#x641;&#x649;&#x60C;</subfield>
    <subfield code="e">&#x645;&#x62A;&#x631;&#x62C;&#x645;&#x60C;</subfield>
    <subfield code="e">&#x645;&#x631;&#x627;&#x62C;&#x639;.</subfield>
  </datafield>
  <datafield tag="700" ind1="1" ind2=" ">
    <subfield code="a">&#x645;&#x639;&#x62A;&#x645;&#x62F;&#x60C; &#x639;&#x627;&#x637;&#x641;&#x60C;</subfield>
    <subfield code="e">&#x645;&#x62A;&#x631;&#x62C;&#x645;&#x60C;</subfield>
    <subfield code="e">&#x645;&#x631;&#x627;&#x62C;&#x639;.</subfield>
  </datafield>
  <datafield tag="700" ind1="1" ind2=" ">
    <subfield code="a">&#x643;&#x645;&#x627;&#x644;&#x60C; &#x625;&#x64A;&#x632;&#x627;&#x628;&#x64A;&#x644;&#x60C;</subfield>
    <subfield code="e">&#x645;&#x62A;&#x631;&#x62C;&#x645;.</subfield>
  </datafield>
  <datafield tag="700" ind1="1" ind2=" ">
    <subfield code="a">&#x62F;&#x644;&#x627;&#x648;&#x631;&#x60C; &#x634;&#x631;&#x64A;&#x641;&#x60C; </subfield>
    <subfield code="e">&#x645;&#x642;&#x62F;&#x645;.</subfield>
  </datafield>
  <datafield tag="700" ind1="1" ind2=" ">
    <subfield code="a">&#x639;&#x64A;&#x633;&#x649;&#x60C; &#x645;&#x635;&#x637;&#x641;&#x649;&#x60C;</subfield>
    <subfield code="e">&#x645;&#x62F;&#x642;&#x642;.</subfield>
  </datafield>
  <datafield tag="942" ind1=" " ind2=" ">
    <subfield code="2">ddc</subfield>
  </datafield>
  <datafield tag="952" ind1=" " ind2=" ">
    <subfield code="0">0</subfield>
    <subfield code="1">0</subfield>
    <subfield code="2">ddc</subfield>
    <subfield code="4">0</subfield>
    <subfield code="7">0</subfield>
    <subfield code="8">Dar-SH</subfield>
    <subfield code="a">MAIN</subfield>
    <subfield code="b">MAIN</subfield>
    <subfield code="c">1ST</subfield>
    <subfield code="d">2019-04-11</subfield>
    <subfield code="e">Purchase</subfield>
    <subfield code="g">60.00</subfield>
    <subfield code="h">7572</subfield>
    <subfield code="o">332.042092 &#x628; &#x631; &#x643;</subfield>
    <subfield code="p">000044555</subfield>
    <subfield code="r">2025-07-15 00:00:00</subfield>
    <subfield code="s">2021-12-13</subfield>
    <subfield code="v">75.00</subfield>
    <subfield code="y">BB</subfield>
  </datafield>
</record>
